Guidelines for infrastructure development through Build-Operate-Transfer (BOT) projects.

Bibliographic Details
Format: Book
Published: Vienna: UNIDO, 1996.
Subjects:
LEADER 00501cam a2200157 7i4500
001 0000006620
005 19991025090000.0
002 ##000008321
020 0 0 |a 92-1-1063043  
090 0 0 |a B 658.404   |b GUI 
245 0 0 |a Guidelines for infrastructure development through Build-Operate-Transfer (BOT) projects. 
260 0 0 |a Vienna:   |b UNIDO,   |c 1996. 
300 0 0 |a 308 P.. 
650 0 0 |a Infrastructure development  
650 0 0 |a Build-Operate-Transfer Projects  
999 |a B000009427  |b Book  |c Open shelf  |e Business Information Centre